书目信息 |
| 题名: |
收音机修理经验100例
|
|
| 作者: | ;江都无线电修理部 | |
| 分册: | ||
| 出版信息: | 北京 人民邮电出版社 1981 |
|
| 页数: | 119页 | |
| 开本: | 19cm | |
| 丛书名: | ||
| 单 册: | ||
| 中图分类: | TN85 | |
| 科图分类: | ||
| 主题词: | ||
| 电子资源: | ||
| ISBN: | 15045.总2515 无6153 | |
| 000 | 00652nam0 2200217 450 | |
| 001 | 000306560 | |
| 005 | 20120905085440.0 | |
| 010 | @a15045.总2515 无6153@dCNY0.30 | |
| 091 | @a15045.总2515 无6153@dCNY0.30 | |
| 100 | @a20120905d1981 emkz0chic0121 ea | |
| 101 | 0 | @achi |
| 102 | @aCN@b110000 | |
| 105 | @ay z 000yy | |
| 106 | @ar | |
| 200 | 1 | @a收音机修理经验100例@9Shou Yin Ji Xiu Li Jing Yan 1 0 0 Li @f江都无线电修理部编著` |
| 210 | @a北京@c人民邮电出版社@d1981 | |
| 215 | @a119页@d19cm | |
| 690 | @aTN85@v3 | |
| 711 | 02 | @a江都无线电修理部@9jiang dou wu xian dian xiu li bu |
| 801 | 0 | @aCN@bAzMarc@c20130904 |
| 905 | @aBZT@dTN85@e5@f1@sTN85/5 | |
| 收音机修理经验100例/江都无线电修理部编著`.-北京:人民邮电出版社,1981 |
| 119页;19cm |
| ISBN 15045.总2515 无6153:CNY0.30 |
| ● |
| 相关链接 |
|
|
|
正题名:收音机修理经验100例
索取号:TN85/5
 
预约/预借
| 序号 | 登录号 | 条形码 | 馆藏地/架位号 | 状态 | 备注 |
| 1 | 2000080302 | 2000080302 | 旧书回溯/ [索取号:TN85/5] | 在馆 |